[Event "Sao Martinho do Porto op 1st"]
[Site "Sao Martinho do Porto"]
[Date "2018.09.17"]
[Round "5"]
[White "Heil, Rudolf"]
[Black "Mueller, Dieter"]
[Result "1/2-1/2"]
[WhiteElo "1737"]
[BlackElo "1632"]
[PlyCount "46"]
[EventDate "2018.09.15"]
[EventType "swiss"]
[EventRounds "9"]
[EventCountry "POR"]
[SourceTitle "CBM 186 Extra"]
[Source "ChessBase"]
[SourceDate "2018.08.24"]
[SourceVersion "1"]
[SourceVersionDate "2018.08.24"]
[SourceQuality "1"]

1. c4 c5 2. g3 g6 3. Bg2 Bg7 4. Nc3 Nf6 5. e4 d6 6. Nge2 Nbd7 7. 0-0 a6 8. d3 Rb8 9. Be3 Ng4 10. Bf4 e5 11. Bd2 b5 12. Qc1 h5 13. h3 Ngf6 14. f4 Bh6 15. f5 Bxd2 16. Qxd2 gxf5 17. exf5 Bb7 18. Nd5 Nxd5 19. cxd5 f6 20. Nc3 Kf7 21. a3 Qb6 22. Kh2 a5 23. Rac1 Ba8 1/2-1/2

[Event "Sao Martinho do Porto op 1st"]
[Site "Sao Martinho do Porto"]
[Date "2018.09.16"]
[Round "4"]
[White "Lopez de Turiso, Jose Angel"]
[Black "Heil, Rudolf"]
[Result "1-0"]
[WhiteElo "1942"]
[BlackElo "1737"]
[PlyCount "37"]
[EventDate "2018.09.15"]
[EventType "swiss"]
[EventRounds "9"]
[EventCountry "POR"]
[SourceTitle "CBM 186 Extra"]
[Source "ChessBase"]
[SourceDate "2018.08.24"]
[SourceVersion "1"]
[SourceVersionDate "2018.08.24"]
[SourceQuality "1"]

1. e4 Nc6 2. Nf3 f5 3. exf5 d5 4. Nh4 Nh6 5. Qh5+ Nf7 6. Bb5 Qd6 7. 0-0 g6 8. Qe2 Bxf5 9. Nxf5 gxf5 10. d4 0-0-0 11. c3 Bh6 12. Bxh6 Nxh6 13. Re1 Kd7 14. Nd2 Rhg8 15. Nf3 Rxg2+ 16. Kxg2 Rg8+ 17. Kh1 Ng4 18. h3 Qh6 19. Qxe7+ 1-0

[Event "Sao Martinho do Porto op 1st"]
[Site "Sao Martinho do Porto"]
[Date "2018.09.15"]
[Round "1"]
[White "Heil, Rudolf"]
[Black "Fernandes, Ricardo Paulos"]
[Result "0-1"]
[WhiteElo "1737"]
[BlackElo "2160"]
[PlyCount "28"]
[EventDate "2018.09.15"]
[EventType "swiss"]
[EventRounds "9"]
[EventCountry "POR"]
[SourceTitle "CBM 186 Extra"]
[Source "ChessBase"]
[SourceDate "2018.08.24"]
[SourceVersion "1"]
[SourceVersionDate "2018.08.24"]
[SourceQuality "1"]

1. c4 Nf6 2. g3 g6 3. Bg2 Bg7 4. e3 0-0 5. Ne2 d6 6. 0-0 Nbd7 7. Nbc3 c6 8. d3 e5 9. e4 a5 10. f4 Ng4 11. Rf3 Qb6+ 12. d4 exd4 13. Na4 Qa7 14. Qd3 b5 0-1

[Event "Hessen-ch Seniors op 09th"]
[Site "Bad Sooden-Allendorf"]
[Date "2013.04.26"]
[Round "7"]
[White "Ludwig, Richard"]
[Black "Heil, Rudolf"]
[Result "1/2-1/2"]
[WhiteElo "1715"]
[BlackElo "1751"]
[PlyCount "35"]
[EventDate "2013.04.20"]
[EventType "swiss"]
[EventRounds "9"]
[EventCountry "GER"]
[SourceTitle "EXT 2019"]
[Source "ChessBase"]
[SourceDate "2018.10.10"]
[SourceVersion "1"]
[SourceVersionDate "2018.10.10"]
[SourceQuality "1"]

1. e4 Nc6 2. Nc3 e5 3. Nf3 Bc5 4. Bc4 Nf6 5. d3 0-0 6. a3 d6 7. Bg5 Be6 8. Bxe6 fxe6 9. Na4 Bb6 10. Nxb6 axb6 11. 0-0 Qe8 12. Bxf6 Rxf6 13. c3 Qg6 14. Nh4 Qf7 15. Qd2 Rf8 16. b4 Rh6 17. g3 Rf6 18. Ra2 1/2-1/2

[Event "Hessen-ch Seniors op 09th"]
[Site "Bad Sooden-Allendorf"]
[Date "2013.04.25"]
[Round "6"]
[White "Heil, Rudolf"]
[Black "Schneider, Miloca"]
[Result "0-1"]
[WhiteElo "1751"]
[BlackElo "1981"]
[PlyCount "29"]
[EventDate "2013.04.20"]
[EventType "swiss"]
[EventRounds "9"]
[EventCountry "GER"]
[SourceTitle "EXT 2019"]
[Source "ChessBase"]
[SourceDate "2018.10.10"]
[SourceVersion "1"]
[SourceVersionDate "2018.10.10"]
[SourceQuality "1"]

1. c4 b6 2. d4 e6 3. d5 d6 4. g3 e5 5. Bg2 Be7 6. e4 Nf6 7. Ne2 0-0 8. 0-0 a5 9. Nbc3 Na6 10. f4 exf4 11. Bxf4 Rb8 12. Nd4 Bd7 13. Ncb5 Ng4 14. Nc6 Bxc6 15. dxc6 0-1

[Event "Hessen-ch Seniors op 09th"]
[Site "Bad Sooden-Allendorf"]
[Date "2013.04.20"]
[Round "1"]
[White "Hunold, Rolf"]
[Black "Heil, Rudolf"]
[Result "1-0"]
[WhiteElo "2122"]
[BlackElo "1751"]
[PlyCount "29"]
[EventDate "2013.04.20"]
[EventType "swiss"]
[EventRounds "9"]
[EventCountry "GER"]
[SourceTitle "EXT 2019"]
[Source "ChessBase"]
[SourceDate "2018.10.10"]
[SourceVersion "1"]
[SourceVersionDate "2018.10.10"]
[SourceQuality "1"]

1. e4 Nc6 2. Nc3 e5 3. Nf3 d6 4. h3 h6 5. d4 exd4 6. Nxd4 Bd7 7. Be3 Be7 8. Qd2 Bg5 9. 0-0-0 Bxe3 10. Qxe3 Nxd4 11. Rxd4 Qg5 12. f4 Qc5 13. Qd2 0-0-0 14. Nd5 Nf6 15. b4 1-0

[Event "Bayern-ch Seniors 24nd"]
[Site "Bergen"]
[Date "2012.06.22"]
[Round "7"]
[White "Janzen, Christian"]
[Black "Heil, Rudolf"]
[Result "1/2-1/2"]
[WhiteElo "1572"]
[BlackElo "1630"]
[PlyCount "67"]
[EventDate "2012.06.16"]
[EventType "swiss"]
[EventRounds "9"]
[EventCountry "GER"]
[SourceTitle "EXT 2015"]
[Source "ChessBase"]
[SourceDate "2014.11.20"]
[SourceVersion "1"]
[SourceVersionDate "2014.11.20"]
[SourceQuality "1"]

1. e4 Nc6 2. d4 e5 3. d5 Nce7 4. c4 Nf6 5. Nc3 Ng6 6. Nf3 Bc5 7. Bd3 d6 8. h3 0-0 9. a3 a6 10. b4 Ba7 11. b5 Bd7 12. Qe2 c6 13. 0-0 Nh5 14. Qc2 Nhf4 15. Ne2 Nxd3 16. Qxd3 f5 17. dxc6 bxc6 18. exf5 Bxf5 19. Qb3 Bc5 20. bxc6 Rb8 21. Qd1 Qc8 22. Ng5 Qxc6 23. Qd5+ Qxd5 24. cxd5 h6 25. Ne6 Bxe6 26. dxe6 Rf6 27. Be3 Bxe3 28. fxe3 Rxe6 29. Nc3 Ne7 30. e4 Rb3 31. Rf3 Ng6 32. Nd5 Rxf3 33. gxf3 Nf4 34. Nc7 1/2-1/2

[Event "Stuttgart-chB int"]
[Site "Ditzingen"]
[Date "2012.05.19"]
[Round "6"]
[White "Pudmensky, Stefan"]
[Black "Heil, Rudolf"]
[Result "1-0"]
[WhiteElo "1853"]
[BlackElo "1722"]
[PlyCount "67"]
[EventDate "2012.05.17"]
[EventType "swiss"]
[EventRounds "7"]
[EventCountry "GER"]
[SourceTitle "EXT 2018"]
[Source "ChessBase"]
[SourceDate "2017.10.13"]
[SourceVersion "1"]
[SourceVersionDate "2017.10.13"]
[SourceQuality "1"]

1. d4 Nf6 2. Nf3 g6 3. c4 Bg7 4. Nc3 d5 5. e3 0-0 6. Be2 a6 7. a4 Bg4 8. 0-0 c6 9. Ne5 Bxe2 10. Qxe2 Nbd7 11. f4 e6 12. c5 a5 13. Rb1 Ne4 14. Nxe4 dxe4 15. Nc4 b6 16. Qc2 f5 17. Nd6 Nf6 18. Bd2 Nd5 19. Rfc1 Nxf4 20. exf4 Bxd4+ 21. Kh1 Bxc5 22. Nb7 Qd5 23. Nxc5 bxc5 24. Be3 Rfd8 25. Qxc5 Qd3 26. Qc3 Rd5 27. Qxc6 Rad8 28. Qc3 Qe2 29. Re1 Rd1 30. Rbxd1 Rxd1 31. Qc8+ Kg7 32. Rxd1 Qxd1+ 33. Bg1 e3 34. Qc3+ 1-0

[Event "Stuttgart-chB int"]
[Site "Ditzingen"]
[Date "2012.05.17"]
[Round "2"]
[White "Heil, Rudolf"]
[Black "Sigmund, Wolfgang"]
[Result "1/2-1/2"]
[WhiteElo "1722"]
[BlackElo "1540"]
[PlyCount "55"]
[EventDate "2012.05.17"]
[EventType "swiss"]
[EventRounds "7"]
[EventCountry "GER"]
[SourceTitle "EXT 2018"]
[Source "ChessBase"]
[SourceDate "2017.10.13"]
[SourceVersion "1"]
[SourceVersionDate "2017.10.13"]
[SourceQuality "1"]

1. c4 c5 2. g3 Nc6 3. Bg2 Nf6 4. e4 d6 5. Ne2 g6 6. 0-0 Bg7 7. h3 Rb8 8. Nbc3 0-0 9. d3 Qc7 10. Be3 a6 11. Qd2 b5 12. Nd5 Qd8 13. Rab1 e6 14. Nxf6+ Bxf6 15. f4 Nd4 16. b4 Nxe2+ 17. Qxe2 Qc7 18. bxc5 dxc5 19. cxb5 Rxb5 20. Rxb5 axb5 21. Rc1 Be7 22. Qc2 c4 23. dxc4 Bc5 24. Bxc5 Qxc5+ 25. Kh2 b4 26. Qd2 Ba6 27. Bf1 Rc8 28. Qc2 1/2-1/2

[Event "Bad Wiessee Seniors op"]
[Site "Bad Wiessee"]
[Date "2012.04.27"]
[Round "7"]
[White "Flockerzi, Armin"]
[Black "Heil, Rudolf"]
[Result "0-1"]
[WhiteElo "1598"]
[BlackElo "1616"]
[PlyCount "54"]
[EventDate "2012.04.21"]
[EventType "swiss"]
[EventRounds "9"]
[EventCountry "GER"]
[SourceTitle "EXT 2015"]
[Source "ChessBase"]
[SourceDate "2014.11.20"]
[SourceVersion "1"]
[SourceVersionDate "2014.11.20"]
[SourceQuality "1"]

1. d4 e5 2. d5 Bc5 3. e3 Nf6 4. b3 d6 5. c4 Ne4 6. Qf3 Bb4+ 7. Bd2 Bxd2+ 8. Nxd2 Nxd2 9. Kxd2 0-0 10. Bd3 f5 11. Qg3 f4 12. exf4 exf4 13. Qf3 Bf5 14. Bxf5 Rxf5 15. Ne2 Qf6 16. Kc2 Nd7 17. Rad1 Ne5 18. Qc3 f3 19. gxf3 Rxf3 20. Qe1 Qf5+ 21. Kd2 Rxf2 22. Kc3 Qf3+ 23. Kd2 Nd3 24. Qxf2 Nxf2 25. Rhf1 Ne4+ 26. Ke1 Qe3 27. Rc1 Qd2# 0-1

[Event "Forchheim op 10th"]
[Site "Forchheim"]
[Date "2011.10.08"]
[Round "2"]
[White "Heil, Rudolf"]
[Black "Meier, Hans"]
[Result "1/2-1/2"]
[WhiteElo "1725"]
[BlackElo "1167"]
[PlyCount "40"]
[EventDate "2011.10.07"]
[EventType "swiss"]
[EventRounds "5"]
[EventCountry "GER"]
[SourceTitle "CBM 144 Extra"]
[Source "ChessBase"]
[SourceDate "2011.10.28"]
[SourceVersion "1"]
[SourceVersionDate "2011.10.28"]
[SourceQuality "1"]

1. c4 c5 2. g3 b6 3. Bg2 Nc6 4. e4 e5 5. Ne2 Nf6 6. 0-0 g6 7. Nbc3 Bg7 8. f4 Rb8 9. h3 Bb7 10. d3 d6 11. f5 0-0 12. Nd5 Nxd5 13. cxd5 Nd4 14. Bd2 Qe7 15. Nxd4 cxd4 16. Qg4 Bc8 17. Qf3 Qf6 18. g4 g5 19. Rac1 Ba6 20. Rc7 Rb7 1/2-1/2

[Event "Forchheim op 10th"]
[Site "Forchheim"]
[Date "2011.10.08"]
[Round "3"]
[White "Weigert, Wilhelm"]
[Black "Heil, Rudolf"]
[Result "1-0"]
[WhiteElo "2022"]
[BlackElo "1725"]
[PlyCount "85"]
[EventDate "2011.10.07"]
[EventType "swiss"]
[EventRounds "5"]
[EventCountry "GER"]
[SourceTitle "CBM 144 Extra"]
[Source "ChessBase"]
[SourceDate "2011.10.28"]
[SourceVersion "1"]
[SourceVersionDate "2011.10.28"]
[SourceQuality "1"]

1. c4 c5 2. Nc3 g6 3. g3 Bg7 4. Bg2 e5 5. Rb1 Nc6 6. a3 a5 7. d3 Nge7 8. Bd2 d6 9. Nd5 Nxd5 10. cxd5 Ne7 11. Qb3 0-0 12. Nf3 h6 13. 0-0 f5 14. e3 Qc7 15. Rbc1 Bd7 16. Ne1 a4 17. Qc4 b5 18. Qa2 Qb7 19. Rxc5 e4 20. Rc6 Kh7 21. Rxd6 Qc7 22. Rxd7 Qxd7 23. dxe4 fxe4 24. Bxe4 Rad8 25. Ba5 Rc8 26. Ng2 Nf5 27. Nf4 Ne7 28. Ne6 Rf7 29. Nxg7 Rxg7 30. Bc3 Rgg8 31. d6 Nf5 32. Rd1 Rge8 33. Qd5 Rf8 34. Qd3 Rc4 35. Bd5 Rcc8 36. Bg2 Rc4 37. Qd5 Rcc8 38. e4 Ng7 39. e5 Ne6 40. Qb7 Rf7 41. Qxd7 Rxd7 42. Bh3 Re8 43. Rd5 1-0

[Event "Nuremberg Zabo op 11th"]
[Site "Nuremberg"]
[Date "2009.09.19"]
[Round "3"]
[White "Heil, Rudolf"]
[Black "Nahlik, Bernhard"]
[Result "0-1"]
[WhiteElo "1478"]
[BlackElo "1804"]
[PlyCount "44"]
[EventDate "2009.09.18"]
[EventType "swiss"]
[EventRounds "5"]
[EventCountry "GER"]
[SourceTitle "EXT 2012"]
[Source "ChessBase"]
[SourceDate "2011.11.24"]
[SourceVersion "1"]
[SourceVersionDate "2011.11.24"]
[SourceQuality "1"]

1. c4 c6 2. d4 d5 3. Nc3 Nf6 4. e3 e6 5. Nf3 Be7 6. cxd5 exd5 7. Be2 0-0 8. 0-0 Nbd7 9. Bd2 Ne4 10. Nxe4 dxe4 11. Ne1 Bd6 12. g3 Nf6 13. f3 Bh3 14. Ng2 Qb6 15. fxe4 Nxe4 16. Bf3 Rae8 17. Qc2 Nxd2 18. Qxd2 c5 19. Bd5 cxd4 20. exd4 Qb5 21. Bb3 Re2 22. Ba4 Rxd2 0-1